000 00850nam a22002417a 4500
005 20100813115046.0
010 _aENG-99972
020 _a9780198060444
_c750.00
035 _aEN-83504
037 _bDBAD/PUB
082 _a322.10954
100 _aBhargava, Rajeev
_912451
245 _aThe promise of India's secular democracy /
_cby Rajeev Bhargava
260 _aNew Delhi
_bOxford University Press
_c2010
270 _aYMCA Library Building, Jai Singh Road
_bNew Delhi
_e110001
300 _axxv,346p.
_c22cm (Hb)
500 _aIncludes index
650 _aReligion and Politics
_912452
650 _zIndia
650 _aSecularcy
_912453
942 _2ddc
_cEN
_h322.10954
_mBHA
999 _c41560
_d41560